Devinettes football par rapport à leur carrière - Statistiques

Statistiques générales
  • Ce quiz a été pris 354 fois
  • Le résultat moyen est 9 sur 11
Statistiques - réponses
Clubs Réponse % Correct
Sporting - Manchester United - Real Madrid - Juventus - Manchester United - Al-Nassr Cristiano Ronaldo
100%
Monaco - Paris - Real Madrid Kylian Mbappé
100%
Santos - Barcelone - Paris - Al Hilal - Santos Neymar JR
99%
Real Sociedad - Atletico Madrid - FC Barcelone - Atletico Madrid Antoine Griezmann
96%
Manchester United - Juventus - Manchester United - Juventus Paul Pogba
86%
FC Bâle - Chelsea - Fiorentina - Chelsea - AS Roma - Liverpool Mohammed Salah
85%
Atletico Madrid - Bayern Munich - PSG Lucas Hernandez
76%
Instituto Atlético Central Córdoba - US Palerme - Juventus - AS Roma Paolo Dybala
65%
Strømsgodset IF - Real Madrid - US Heerenveen - Vitesse Arnhem - Real Sociedad - Arsenal Martin Ødegaard
64%
AC milan - PSG Gilluangi Donnaruma
57%
SC Corinthians - AS Roma - PSG Marquinhos
54%
Aucun quiz correspondant
Distribution des résultats
% des personnes avec chaque résultat
Percentile par nombre de réponses
Votre historique - résultats
Vous n’avez pas pris ce quiz